| 000 | 00487nam a2200157Ia 4500 | ||
|---|---|---|---|
| 008 | 190717s9999 xx 000 0 und d | ||
| 100 | _aAngara, Sonny | ||
| 245 | 4 | _aThe Family's response: "remembering the renaissance man"/ | |
| 245 | _cSonny Angara | ||
| 260 | _bFAME Inc. | ||
| 260 | _c2018 | ||
| 300 | _aPages 20-21, June 2018 | ||
| 440 |
_aHealth and Lifestyle: The Enabler of Dreams _v12/30/1899 5:06:00 PM |
||
| 650 | _aEdgardo J. Angara (1934-2018) | ||
| 650 | _aSonny Angara | ||
| 999 |
_c361966 _d361966 |
||